000 00511nam a2200181Ia 4500
005 20250508151910.0
008 008 250505s9999 xx 000 0 eng d
037 _aTextual
040 _aFEDL
_beng
_cFEDL
041 _aeng
_2eng
084 _a954.04, MEN
_qFEDL
100 _aMenon V P
245 0 _aStory of the integration of the Indian states
260 _aBombay, India
_bOrient Longman Pvt. Ltd.
_c1956
300 _a511p
942 _cTEXL
_h954.04, MEN
999 _c1332812
_d1332812